| 000 | 01039cam a22003015a 4500 | ||
|---|---|---|---|
| 001 | 16533599 | ||
| 003 | OSt | ||
| 005 | 20160518142639.0 | ||
| 008 | 101104s2011 enk frb f001 0 eng d | ||
| 020 | _a9780521683791 | ||
| 040 |
_aDLC _cDLC _dYDX _dYDXCP _dBWX _dCDX _dHF9 _dEG-ScBUE _beng |
||
| 043 | _aaw----- | ||
| 082 | 0 | 4 |
_a363.3250956 _222 _bDAL |
| 100 | 1 |
_aDalacoura, Katerina. _938675 |
|
| 245 | 1 | 0 |
_aIslamist terrorism and democracy in the Middle East / _cKaterina Dalacoura. |
| 260 |
_aCambridge ; _aNew York : _bCambridge University Press, _c2011. |
||
| 300 |
_ax, 213 p. ; _c23 cm. |
||
| 500 | _aIndex : p. 209-213 | ||
| 504 | _aBibliography : p. 187-208. | ||
| 650 | 0 |
_aTerrorism _zMiddle East. _2BUEsh |
|
| 650 | 0 |
_aIslamic fundamentalism. _2BUEsh |
|
| 650 | 7 |
_aIslam and politics. _2BUEsh _912785 |
|
| 650 | 0 |
_aDemocracy _zMiddle East. _2BUEsh |
|
| 651 | 7 |
_aMiddle East _xPolitics and government. _2BUEsh _911754 |
|
| 653 |
_bBUSBOL _cNovember2015 |
||
| 650 | 0 |
_911981 _aTerrorism _xReligious aspects _xIslam _2BUEsh |
|
| 942 | _2ddc | ||
| 999 |
_c19635 _d19607 |
||